| 000 | 01440nam a2200361Ia 4500 | ||
|---|---|---|---|
| 001 | ebr10463925 | ||
| 003 | CaPaEBR | ||
| 006 | m u | ||
| 007 | cr cn||||||||| | ||
| 008 | 030310s2003 txuab s s001 0 eng d | ||
| 010 | _z 2003005681 | ||
| 020 | _z9781585442966 | ||
| 020 | _z158544295X | ||
| 020 | _z1585442968 | ||
| 040 |
_aCaPaEBR _cCaPaEBR |
||
| 035 | _a(OCoLC)774384893 | ||
| 050 | 1 | 4 |
_aQL684.T4 _bA32 2003eb |
| 082 | 0 | 4 |
_a598/.07/23209764 _221 |
| 100 | 1 | _aAdams, Mark Thomas. | |
| 245 | 1 | 0 |
_aChasing birds across Texas _h[electronic resource] : _ba birding big year / _cMark T. Adams ; foreword by Brush Freeman ; drawings by Kelly B. Bryan. |
| 250 | _a1st ed. | ||
| 260 |
_aCollege Station : _bTexas A&M University Press, _cc2003. |
||
| 300 |
_axiv, 254 p. : _bill. (some col.), map. |
||
| 490 | 1 |
_aLouise Lindsey Merrick natural environment series ; _vno. 35 |
|
| 500 | _aIncludes index. | ||
| 533 |
_aElectronic reproduction. _bPalo Alto, Calif. : _cebrary, _d2011. _nAvailable via World Wide Web. _nAccess may be limited to ebrary affiliated libraries. |
||
| 650 | 0 |
_aBirds _xCounting _zTexas. |
|
| 650 | 0 |
_aBirds _zTexas. |
|
| 655 | 7 |
_aElectronic books. _2local |
|
| 710 | 2 | _aebrary, Inc. | |
| 830 | 0 |
_aLouise Lindsey Merrick natural environment series ; _vno. 35. |
|
| 856 | 4 | 0 |
_uhttp://site.ebrary.com/lib/rucke/Doc?id=10463925 _zAn electronic book accessible through the World Wide Web; click to view |
| 999 |
_c129253 _d129253 |
||